Nonslewing mobile cranes overhead transparency slides : knowledge questions and answers.

Saved in:
Bibliographic Details
Corporate Author: Easy Guides Australia
Format: Unknown
Language:English
Published: [Ringwood, Vic.] : Easy Guides Australia, [2002?].
Series:Easy guide series
Subjects:
LEADER 01122ngm a2200289 i 4500
001 c000399296
003 CARM
005 20150723131704.0
008 150723s2002 vrannn t|eng d
019 1 |a 69794550  |5 LACONCORD2021 
035 |a (OCoLC)1267587363  |5 LACONCORD2021 
040 |a VCAV  |c VCAV 
082 0 4 |a 621.8/65  |2 22 
245 1 0 |a Nonslewing mobile cranes  |h [transparency] :  |b overhead transparency slides : knowledge questions and answers. 
260 |a [Ringwood, Vic.] :  |b Easy Guides Australia,  |c [2002?]. 
300 |a [93] transparencies :  |b b&w ;  |c in ring binder, 32 cm. 
490 1 |a Easy guide series 
500 |a Cover title. 
650 0 |a Mobile cranes 
650 0 |a Mobile cranes  |x Safety measures. 
710 2 |a Easy Guides Australia. 
852 8 |b CARM  |p 0621274  |f VM 
852 8 |b SCAN  |h A2:AB36H0  |i E02511  |p 0621274  |f VM 
830 0 |a Easy guide series 
999 f f |i ff9dd407-9e51-5f0e-8352-8164881bdc05  |s 13a6c2c7-a276-5be5-80b9-407a4c87418b 
952 f f |p Can circulate  |a CAVAL  |b CAVAL  |c CAVAL  |d CARM 1 Store  |i unspecified  |m 0621274 
952 f f |a CAVAL  |b CAVAL  |c CAVAL  |d Unmapped Location  |e E02511  |f A2:AB36H0  |h Other scheme